<?xml version="1.0" encoding="UTF-8"?>
<record
    xmlns:xsi="http://www.w3.org/2001/XMLSchema-instance"
    xsi:schemaLocation="http://www.loc.gov/MARC21/slim http://www.loc.gov/standards/marcxml/schema/MARC21slim.xsd"
    xmlns="http://www.loc.gov/MARC21/slim">

  <leader>00953nam a2200229 a 4500</leader>
  <controlfield tag="001">BRCA_3660</controlfield>
  <controlfield tag="005">20190320204355.0</controlfield>
  <controlfield tag="008">020909s2000----mx-a---###---#000-0#spa-#</controlfield>
  <datafield tag="020" ind1=" " ind2=" ">
    <subfield code="a">9688163430</subfield>
  </datafield>
  <datafield tag="041" ind1=" " ind2=" ">
    <subfield code="a">spa</subfield>
  </datafield>
  <datafield tag="044" ind1=" " ind2=" ">
    <subfield code="a">mx</subfield>
  </datafield>
  <datafield tag="050" ind1=" " ind2="4">
    <subfield code="a">HT127.7</subfield>
    <subfield code="b">.C66 2000</subfield>
  </datafield>
  <datafield tag="245" ind1="1" ind2="0">
    <subfield code="a">Continuidades y rupturas urbanas en los siglos XVIII y XIX</subfield>
    <subfield code="b">un ensayo comparativo entre M&#xE9;xico y Espa&#xF1;a</subfield>
    <subfield code="c">coordinadores Mar&#xED;a Dolores Morales y Rafael Mas.</subfield>
  </datafield>
  <datafield tag="260" ind1=" " ind2=" ">
    <subfield code="a">M&#xE9;xico</subfield>
    <subfield code="b">Consejo del Centro Hist&#xF3;rico de la Ciudad de M&#xE9;xico</subfield>
    <subfield code="c">2000</subfield>
  </datafield>
  <datafield tag="300" ind1=" " ind2=" ">
    <subfield code="a">427 p.</subfield>
    <subfield code="b">il.</subfield>
    <subfield code="c">26 cm.</subfield>
  </datafield>
  <datafield tag="500" ind1=" " ind2=" ">
    <subfield code="a">Memoria del II Simposio Internacional sobre Historia del Centro Hist&#xF3;rico de la Ciudad de M&#xE9;xico, 2000</subfield>
  </datafield>
  <datafield tag="650" ind1="1" ind2="4">
    <subfield code="a">Ciudades y pueblos</subfield>
    <subfield code="v">Congresos</subfield>
    <subfield code="x">Historia</subfield>
    <subfield code="y">Siglo XVIII-XIX</subfield>
    <subfield code="z">M&#xE9;xico</subfield>
    <subfield code="9">9493</subfield>
  </datafield>
  <datafield tag="650" ind1="1" ind2="4">
    <subfield code="a">Ciudades y pueblos</subfield>
    <subfield code="v">Congresos</subfield>
    <subfield code="x">Historia</subfield>
    <subfield code="y">Siglo XVIII-XIX</subfield>
    <subfield code="z">Espa&#xF1;a</subfield>
    <subfield code="9">9494</subfield>
  </datafield>
  <datafield tag="700" ind1="1" ind2=" ">
    <subfield code="a">Dolores Morales, Mar&#xED;a</subfield>
    <subfield code="9">9495</subfield>
  </datafield>
  <datafield tag="700" ind1="1" ind2=" ">
    <subfield code="a">Mas, Rafael</subfield>
    <subfield code="9">9496</subfield>
  </datafield>
  <datafield tag="942" ind1=" " ind2=" ">
    <subfield code="2">lcc</subfield>
    <subfield code="c">B</subfield>
  </datafield>
  <datafield tag="999" ind1=" " ind2=" ">
    <subfield code="c">3392</subfield>
    <subfield code="d">3392</subfield>
  </datafield>
  <datafield tag="952" ind1=" " ind2=" ">
    <subfield code="0">0</subfield>
    <subfield code="1">0</subfield>
    <subfield code="4">0</subfield>
    <subfield code="7">0</subfield>
    <subfield code="a">BRCA</subfield>
    <subfield code="b">BRCA</subfield>
    <subfield code="d">2009-08-27</subfield>
    <subfield code="l">0</subfield>
    <subfield code="o">HT127.7 .C66 2000</subfield>
    <subfield code="p">00369</subfield>
    <subfield code="r">2019-03-22 00:00:00</subfield>
    <subfield code="w">2019-03-22</subfield>
    <subfield code="y">B</subfield>
  </datafield>
</record>
